Online Catalogue and eLibrary

Kailasapathiyin samooga nokum pangalippum (Record no. 1016)

MARC details
000 -LEADER
fixed length control field 00417nam a2200145Ia 4500
005 - DATE AND TIME OF LATEST TRANSACTION
control field 20250522011251.0
008 - FIXED-LENGTH DATA ELEMENTS--GENERAL INFORMATION
fixed length control field 240331s9999 xx 000 0 und d
082 ## - DDC Classification
Class No. 301SEN
100 ## - MAIN ENTRY--PERSONAL NAME
Personal name Senthival, K
245 #0 - TITLE STATEMENT
Title Kailasapathiyin samooga nokum pangalippum
260 ## - PUBLICATION, DISTRIBUTION, ETC.
Place of publication, distribution, etc. Madras
Name of publisher, distributor, etc. National Art & Literary Association
Date of publication, distribution, etc. 1992
300 ## - PHYSICAL DESCRIPTION
Extent (e.g. Volumes, Pages etc.) 79 p .,
500 ## - GENERAL NOTE
General note A book About Kalilasapathyin Samooga Pangalippu
942 ## - Koha item type (Biblio)
Koha item type Books in Stacks (Lending)
Holdings
Lost status Damaged status Collection code Home library Current library Shelving location Date acquired Full call number Accession Number Item type
    Lending WERC Library WERC Library Social Science Cupboard 03/31/2024 301SEN 1430 Books in Stacks (Lending)

© WERC Library